Martin Garrix Charting Songs (Billboard Dance Airplay) - Statistics

General Stats
  • This quiz has been taken 20 times
  • The average score is 17 of 28
Answer Stats
Album Weeks On Peak Artist(s) Song % Correct
Non-Album Single 20 Weeks #3 Martin Garrix & Bebe Rexha In the Name of Love
94%
Non-Album Single 8 Weeks #8 Martin Garrix ft. Khalid Ocean
89%
Dua Lipa: Complete Edition 19 Weeks #4 Martin Garrix & Dua Lipa Scared To Be Lonely
89%
Gold Skies EP 27 Weeks #4 Martin Garrix Animals
78%
Non-Album Single 14 Weeks #5 Martin Garrix ft. Usher Don't Look Down
78%
Non-Album Single 15 Weeks #6 Martin Garrix ft. Bonn High On Life
78%
Gold Skies EP 20 Weeks #10 Sander van Doorn, Martin Garrix & DVBBS ft. Aleesia Gold Skies
72%
Non-Album Single 9 Weeks #17 Martin Garrix & David Guetta ft. Jamie Scott & Romy Dya So Far Away
72%
Non-Album Single 20 Weeks #16 Martin Garrix & Troye Sivan There For You
67%
Non-Album Single 15 Weeks #1 (1 Week) Martin Garrix ft. John Martin Higher Ground
61%
Non-Album Single 15 Weeks #4 Martin Garrix ft. Bonn No Sleep
61%
Non-Album Single 1 Week #35 Martin Garrix ft. Macklemore & Patrick Stump Summer Days
61%
Non-Album Single 7 Weeks #27 Martin Garrix ft. Bono & The Edge We Are The People
61%
7 15 Weeks #16 David Guetta, Martin Garrix & Brooks Like I Do
56%
Non-Album Single 4 Weeks #11 Martin Garrix & Jex Told You So
56%
Non-Album Single 7 Weeks #16 Martin Garrix & Dean Lewis Used to Love
56%
Gold Skies EP 14 Weeks #14 Martin Garrix & Jay Hardway Wizard
56%
Break Through the Silence 10 Weeks #15 Martin Garrix vs. Matisse & Sadko Break Through the Silence
50%
IDEM EP 10 Weeks #10 Martin Garrix & Third Party ft. Oaks & Declan J. Donavan Carry You
50%
Non-Album Single 8 Weeks #17 Martin Garrix ft. Clinton Kane Drown
50%
Non-Album Single 6 Weeks #25 Martin Garrix ft. John & Michel Now That I've Found You
50%
Non-Album Single 20 Weeks #2 Martin Garrix & Lloyiso Real Love
50%
Non-Album Single 3 Weeks #22 Martin Garrix, Matisse & Sadko ft. Alex Aris Mistaken
44%
Non-Album Single 20 Weeks #22 Martin Garrix & MOTi Virus (How About Now)
44%
HOPE 5 Weeks #28 Martin Garrix & Third Party Lions in the Wild
39%
Non-Album Single 12 Weeks #14 Martin Garrix, DallasK & Sasha Alex Sloan Loop
39%
Non-Album Single 1 Week #35 Martin Garrix Pizza
33%
Non-Album Single 1 Week #40 Martin Garrix & DubVision ft. Shaun Farrugia Wherever You Are
33%
No matching quizzes found
Score Distribution
Percent of People with Each Score
Percentile by Number Answered
Your Score History
You have not taken this quiz